|
|
|
|
| LEADER |
01232nam a2200301 a 4500 |
| 001 |
2909 |
| 003 |
BD-DhAAL |
| 005 |
20151208114758.0 |
| 008 |
151208s1996 bg b f000 0 beno |
| 010 |
|
|
|a 97900986
|
| 020 |
|
|
|z 984073474X
|
| 040 |
|
|
|a DLC
|c DLC
|d BD-DhAAL
|
| 050 |
0 |
0 |
|a HC440.8
|b .K547 1996
|
| 082 |
|
|
|a 338.95492
|
| 100 |
1 |
|
|a খান, মোঃ শামসুল কবীর
|9 16707
|
| 245 |
1 |
0 |
|a বাংলাদেশের অর্থনীতি /
|c মোঃ শামসুল কবীর খান ও ড. দৌলতুন নাহার খানম.
|
| 250 |
|
|
|a 1st ed.
|
| 260 |
|
|
|a ঢাকা :
|b বাংলা একাডেমী,
|c ১৯৯৬.
|
| 300 |
|
|
|a ৩২৫ পৃ. ;
|c ২২ সে.মি.
|
| 504 |
|
|
|a Includes bibliographical references (p. 322-325).
|
| 520 |
|
|
|a On the economic policies of Bangladesh.
|
| 541 |
|
|
|e 2909
|
| 546 |
|
|
|a In Bengali.
|
| 651 |
|
0 |
|a Bangladesh
|x Economic policy.
|9 16708
|
| 700 |
1 |
|
|a খানম, দৌলতুন নাহার
|9 16709
|
| 942 |
|
|
|2 ddc
|c BK
|
| 999 |
|
|
|c 36368
|d 36368
|
| 952 |
|
|
|0 0
|1 0
|2 ddc
|4 0
|6 338_954920000000000_KHA
|7 0
|9 57193
|a SCL
|b SCL
|c GEN
|d 2015-12-08
|l 0
|o 338.95492 KHA
|p 3020002909
|r 2015-12-08
|t 1
|w 2015-12-08
|y BK
|